Libro rojo de los vertebrados terrestres en Chile

محفوظ في:
التفاصيل البيبلوغرافية
مؤلفون مشاركون: CONAF (مؤلف), Corporación Nacional Forestal (مؤلف)
التنسيق: كتاب
اللغة:الإسبانية
منشور في: Santiago Alfonso A. Glade 1988
الموضوعات:
الوسوم: إضافة وسم
لا توجد وسوم, كن أول من يضع وسما على هذه التسجيلة!

MARC

LEADER 00000nam a2200000 a 4500
001 UCT1426
003 CL-VaPUC
005 20250226123242.0
008 960927e19880000cl 1 spa d
082 0 4 |a 639.909  |b CON  |2 21 
110 2 |a CONAF  |e author  |9 617992 
710 2 |a Corporación Nacional Forestal  |e author  |9 617993 
245 1 0 |a Libro rojo de los vertebrados terrestres en Chile 
246 1 0 |a Actas del Simposio Estado de Conservación de la Fauna de Vertebrados Terrestres de Chile 
260 |a Santiago  |b Alfonso A. Glade  |c 1988 
300 |a 65 p 
583 |a last modification  |c 19960927 00:00:00  |k Rodrigo Vera 
650 0 0 |a Vertebrados  |9 320144 
650 0 7 |a RECURSOS ANIMALES  |2 CL-VaPUC  |9 357360 
650 0 0 |a Organismos vivos  |9 264556 
650 0 0 |a Congresos  |9 257560 
650 0 7 |a PROTECCION DE LOS ANIMALES  |2 CL-VaPUC  |9 357359 
650 0 7 |a RELACIONES ECOLOGICAS  |2 CL-VaPUC  |9 617994 
651 7 |a CHILE  |2 CL-VaPUC  |9 617995 
942 |c BK 
945 |a cmena  |d 19960927 00:00:00 
546 |a En Español 
518 |p Simposio Estado de Conservación de la Fauna de Vertebrados Terrestres de Chile, Santiago, 21 al 24 de Abril de 1987 
999 |c 382738  |d 382736 
952 |0 0  |1 0  |4 0  |6 639_909000000000000_CON_1988  |7 0  |8 A  |9 504603  |a BIBCUR  |b BIBCUR  |d 2020-01-23  |i 1755315  |o 639.909 CON 1988  |p 1755315  |r 2025-04-22  |w 2020-01-23  |y BK  |k BCB